| 000 | 00472cam a2200193ua 4500 | ||
|---|---|---|---|
| 001 | 5313 | ||
| 005 | 20260515113848.0 | ||
| 008 | 120808n ii |||gr||||Z||||||eng | ||
| 040 | _cMAIN | ||
| 082 | _a823 | ||
| 100 |
_aDefoe, Daneil, _eAuthor, |
||
| 245 | 1 | 1 |
_aRobinson crusoe _cby Daniel Defoe |
| 250 | _a2nd. | ||
| 260 |
_aNew Delhi: _bRama Brothers, _c1992. |
||
| 300 |
_ax; 211p: _c23cm. |
||
| 653 | _aEnglish fiction | ||
| 700 |
_aLall, Ramji, _eAuthor, |
||
| 942 | _cBK | ||
| 999 |
_c4490 _d4490 |
||